| 000 | 01504nam0a2200337 4500 | ||
|---|---|---|---|
| 001 | RU\NLR\bibl\1516079 | ||
| 005 | 20250616025048.0 | ||
| 010 |
_a978-5-9942-0504-4 _98050 |
||
| 021 |
_aRU _b2010-31202 _92090 |
||
| 035 | _a(nilc)RSL-KNO-004635740 | ||
| 035 | _a(NLR Aleph) 001507457 | ||
| 090 |
_a59100 _c59100 |
||
| 100 | _a20100427d2010 |||y0rusy50 ca | ||
| 101 | 0 | _arus | |
| 102 | _aRU | ||
| 105 | _ay zzzz||||| | ||
| 200 | 1 |
_aХроники проклятого _fЯн Валетов |
|
| 210 |
_aСанкт-Петербург _cЛенинградское изд-во _d2010 |
||
| 215 |
_a348, [2] с. _d21 |
||
| 225 | 1 | _aБоевая фантастика | |
| 610 | 0 | _aФилологические науки. Художественная литература -- Российская Федерация -- Русская литература -- с сер. 50-х гг. 20 в. -- Произведения художественной литературы -- Художественная проза -- Романы. Повести. Рассказы -- Фантастические и мистические романы, повести, рассказы. Романы ужасов | |
| 686 |
_aШ5(2=Р)75-644.5 _2rubbk |
||
| 686 | _aШ6(2=Р)8-445 | ||
| 700 | 1 |
_aВалетов _bЯ. _gЯн _4070 |
|
| 801 | 0 |
_aRU _bРГБ _c20100427 _grcr |
|
| 801 | 1 |
_aRU _bРГБ _c20100427 |
|
| 801 | 2 |
_aRU _bNLR _c20100527 _grcr |
|
| 942 | _cBOOK | ||
| 980 | _aNB | ||